| 000 | 00862nam a22002297a 4500 | ||
|---|---|---|---|
| 003 | 0 | ||
| 005 | 20241011085850.0 | ||
| 008 | 241011b xxu||||| |||| 00| 0 eng d | ||
| 020 | _a9782017112761 | ||
| 050 |
_aPC 2119 _b.D396 2021 |
||
| 100 |
_aDenisot, Hugues, _eauthor. |
||
| 245 |
_aSésame 1 : _bméthode de français A1.1 / _cHugues Denisot, Marianne Capouet. |
||
| 260 |
_aVanves : _bHachette Livre, _c2021. |
||
| 300 |
_a79 p. : _bcol. ill. ; _c29 cm. |
||
| 500 | _aPreparation a L'examen du Delf Prim. | ||
| 650 | _aHandbooks and manuals. | ||
| 650 |
_aFrench language Study and teaching Foreign speakers _vHandbooks, manuals, etc. |
||
| 650 | _aFrench language Study and teaching Foreign speakers. | ||
| 650 | _aFrançais (Langue) Étude et enseignement Allophones Guides, manuels, etc. | ||
| 700 |
_aCapouet, Marianne, _eauthor. |
||
| 942 |
_2lcc _cBK |
||
| 999 |
_c366502 _d366502 |
||